| 000 | 01191nam a2200241Ia 4500 | ||
|---|---|---|---|
| 003 | Ost | ||
| 005 | 20260507075602.0 | ||
| 008 | 260507s9999||||xx |||||||||||||| ||und|| | ||
| 020 | _a9960245137 | ||
| 040 | _cfsecg | ||
| 041 | _aara | ||
| 082 | _a330 | ||
| 100 |
_aفيشر، س.انطوني _eمؤلف |
||
| 245 | 0 |
_aاقتصاديات الموارد والبيئة / _c س.انطوني فيشر |
|
| 260 |
_aالرياض: _bدار المريخ للنشر, _c2002 |
||
| 300 |
_a272 صفحة؛ _bإيضاحات ؛ _c24 سم |
||
| 504 | _aمراجع ص.247 | ||
| 520 | _aالموارد النابضة: نظرية الاستنزاف الامثل, الموارد المتجددة: نظرية الاستخدام الامثل اضافة الى ندرة الموارد ( هل تقيد الموارد النمو) و كذا الموارد الطبيعية و البيئات الطبيعية, التلوث البيئي و اخيرا بعض الافكار الختامية ( دور الاقتصاد في دراسة مشاكل الموارد و البيئة). | ||
| 653 | _aاقتصاديات | ||
| 653 | _aالبيئة | ||
| 653 | _aالموارد الاقتصادية | ||
| 942 | _cكتاب | ||
| 999 |
_c45012 _d45012 |
||